LEADER 01750nam0 2200409 i 450 001 VAN00055798 005 20250401121023.284 010 $a978-35-405-7528-3 100 $a20061112d1993 |0itac50 ba 101 $aeng 102 $aDE 105 $a|||| ||||| 181 $ai$b e 182 $an 183 $anc 200 1 $aDiophantine Approximation and Abelian Varieties$eIntroductory Lectures$fB. Edixhoven, J.-H. Evertse (Eds.) 210 $aBerlin$cSpringer$d1993 215 $aXII, 127 p.$d24 cm 461 1$1001VAN00102250$12001 $aLecture notes in mathematics$1210 $aBerlin [etc.]$cSpringer$v1566 606 $a00B25$xProceedings of conferences of miscellaneous specific interest [MSC 2020]$3VANC020732$2MF 606 $a11-XX$xNumber theory [MSC 2020]$3VANC019688$2MF 606 $a14-XX$xAlgebraic geometry [MSC 2020]$3VANC019702$2MF 610 $aAbelian varieties$9KW:K 610 $aAlgebraic Geometry$9KW:K 610 $aDiophantine approximations$9KW:K 610 $aNumber theory$9KW:K 620 $dBerlin$3VANL000066 702 1$aEdixhoven$bBas$3VANV044299 702 1$aEvertse$bJan-Hendrik$3VANV044300 712 $aSpringer $3VANV108073$4650 801 $aIT$bSOL$c20250404$gRICA 856 4 $u/sebina/repository/catalogazione/documenti/Edixhoven, Evertse - Diophantine approximation and abelian varieties.pdf$zContents 899 $aBIBLIOTECA DEL DIPARTIMENTO DI MATEMATICA E FISICA$1IT-CE0120$2VAN08 912 $aVAN00055798 950 $aBIBLIOTECA DEL DIPARTIMENTO DI MATEMATICA E FISICA$d08PREST 14-XX 1261 $e08 2886 I 20061112 996 $aDiophantine approximation and abelian varieties$9262397 997 $aUNICAMPANIA